| 000 | 00786nam a22002417a 4500 | ||
|---|---|---|---|
| 003 | 0 | ||
| 005 | 20250211174355.0 | ||
| 008 | 250211b xxu||||| |||| 00| 0 eng d | ||
| 020 | _a978-1-9751-7414-9 | ||
| 050 |
_aRC 440 _b.V53 2020 |
||
| 100 | _aVidebeck, Sheila L. | ||
| 245 |
_aPsychiatric-mental health nursing _cSheila L. Videbeck |
||
| 250 | _aEighth edition | ||
| 260 |
_aPhiladelphia _bWolters Kluwer Health _c2020 |
||
| 300 |
_axiv, 525 pages : _billustrations and pictures ; _c28cm. |
||
| 504 | _aIncludes index and glossary. | ||
| 650 | _aPsychiatric nursing. | ||
| 650 | _aMental health nursing. | ||
| 650 | _a Mental illness—Nursing. | ||
| 650 | _aPsychiatric nursing—Methods. | ||
| 650 | _aPsychotropic drugs—Nursing implications. | ||
| 942 |
_2lcc _cBK |
||
| 999 |
_c367175 _d367175 |
||